| 000 | 01071nam a22002297a 4500 | ||
|---|---|---|---|
| 999 |
_c59011 _d59011 |
||
| 003 | Ge_BSU | ||
| 005 | 20260325164013.0 | ||
| 008 | 221031s2005 ge ||||| |||| 00| 0 geo d | ||
| 020 | _a9994048163 | ||
| 041 | _ageo | ||
| 080 | _a338.22(075.8) ღ-98 | ||
| 100 |
_aღურწკაია, კარლო _93333 |
||
| 245 |
_aბიზნესის საფუძვლები : _b[დამხმ. სახელმძღვ.] / _cკარლო ღურწკაია,თ. ღურწკაია |
||
| 264 |
_aთბილისი _b,,ტექნიკური უნივერსიტეტი", _c 2005. |
||
| 300 |
_a332 გვ. ; _b20 სმ. |
||
| 504 | _aბიბლიოგრ.: გვ. 330-331. | ||
| 653 | _aბიზნესის სახელმძღვანელო | ||
| 653 | _aეკონომიკა | ||
| 700 |
_aღურწკაია, თ _eავტ.ორი _915666 |
||
| 710 |
_aსაქართველოს ტექნიკური უნივერსიტეტი _927211 |
||
| 942 |
_2udc _cBK |
||